00681 2200253 4500001002100000005001500021035002000036007000300056008004100059020001800100082001400118084002000132100002000152245007600172250001000248260003400258300003500292650001800327700002400345504002600369990001100395990001100406990001000417INLIS00000000000375120190717024314 a0010-0719000169ta190717 g 0 ind  a9786026421043 a641.337 3 a641.337 3 REV a0 aREVA, Divantary1 aAneka Resep Kopi Maknyuss /cReva Divantary; editor, Intan Dewi Nuraini acet.1 aJakarta :bPedar Kindy,c2016 avi, 57 hlm. :bilus. ;c21 cm. 4aKOPI. MINUMAN0 aINTAN, Dewi Nuraini aBibliografi : hlm. 57 a5483 a a5483 b a5483c